| 000 | 00528nam a2200181Ia 4500 | ||
|---|---|---|---|
| 008 | 240925s9999 xx 000 0 und d | ||
| 020 | _a997151172X | ||
| 082 | _a621.3 SMI | ||
| 100 | _aSmith, Ralph J.; Dorf, Richard C. | ||
| 245 | 0 | _aCircuits, Devices and Systems: a first course in electrical engineering | |
| 250 | _a5th | ||
| 260 |
_aNew York: _bJohn Wiley & Sons _c,1992. |
||
| 300 |
_axviii,1139p. _bNA _fPirated |
||
| 500 | _aIncludes Index | ||
| 600 | _aElectrical Engineering | ||
| 650 | _aTechnology | ||
| 942 | _cBK | ||
| 999 |
_c4096 _d4096 |
||